| 000 | 00791nam a2200253Ia 4500 | ||
|---|---|---|---|
| 001 | Para_136 | ||
| 003 | CHAP | ||
| 008 | 220125s1980 xx 000 0 und d | ||
| 010 | _a198986 | ||
| 040 | _cCHAP | ||
| 090 | _aPA FOLLETO 3104 | ||
| 110 |
_aMéxico. Dirección General de Sanidad Vegetal _977045 |
||
| 245 |
_aReglamento de la ley de sanidad fitopecuaria de los Estados Unidos Mexicanos, en materia de sanidad vegetal / _c por SARH. Dirección General de Sanidad Vegetal |
||
| 260 |
_aMéxico : _b La Dirección |
||
| 300 | _a59 p. | ||
| 650 |
_aSanidad Vegetal _xLeyes _9102230 |
||
| 901 | _aPA FOLLETO 3104 | ||
| 902 | _aA | ||
| 905 | _a0000001980 0000000000 00 | ||
| 910 | _a1980 | ||
| 942 | _cPARA | ||
| 942 |
_cPARA _d1 |
||
| 999 |
_c198986 _d198986 |
||